| 000 | 00537nam a2200193Ia 4500 | ||
|---|---|---|---|
| 005 | 20250508165659.0 | ||
| 008 | 008 250505s9999 xx 000 0 eng d | ||
| 037 | _aTextual | ||
| 040 |
_aFEDL _beng _cFEDL |
||
| 041 |
_aeng _2eng |
||
| 084 |
_a540, CHA _qFEDL |
||
| 100 |
_aChadha Anila _9781597 |
||
| 245 | 0 | _aExplore Chemistry : for the middle school 1 | |
| 260 |
_aNew Delhi, India _bOxford University Press _c2002 |
||
| 300 | _a68p. | ||
| 365 |
_aINR _b58 |
||
| 942 |
_cTEXL _h540, CHA |
||
| 999 |
_c1396710 _d1396710 |
||